Genes (Registo nº 1301)

Detalhes MARC
000 -Etiqueta do registo
Cabeçalho 00976nam a2200325 4500
005 - Identificador da versão
Campo de controlo 20240813121832.0
010 ## - Número internacional normalizado dos livros (ISBN)
Número (ISBN) 9789898131188
021 ## - Número do Depósito Legal
Código do país PT
Número 271584/08
035 ## - Other System Control Numbers
System Control Number (bn)1736518
System Control Number 2251049
100 ## - Dados gerais de processamento
Dados gerais de processamento 20100204d2008 m y0pory5003 ba
102 ## - Pais de publicação ou produção
País de publicação Portugal
101 1# - Língua de publicação
Língua do texto, banda sonora, etc. Português
Língua do documento no original Italiano
106 ## - Campo de dados codificados: material textual
Dados codificados do material textual r
105 ## - Campo de dados codificados: livros
Dados codificados dos livros a z 000yy
215 ## - Descrição física 
Indicação específica da natureza do documento e extensão da espécie 185, [5] p.
Outras indicações físicas il.
Dimensões 21 cm
200 1# - Titulo e menção de responsabilidade
Título próprio Genes
Informação de outro título das primeiras perguntas sobre a hereditariedade à engenharia genética
Primeira menção de responsabilidade Clara Frontali
Outras menções de responsabilidade trad. António Maia da Rocha
225 2# - Colecção 
Título próprio da colecção Eureca!
205 ## - Menção da edição
Menção da edição 1a ed
210 ## - Publicação, Distribuição, etc. 
Lugar da edição, distribuição, etc. Estoril
Nome do editor, distribuidor, etc. Princípia
Data da publicação, distribuição, etc. 2008
304 ## - Notas relativas a título e menção de responsabilidade 
Texto da nota Tít. orig.: Dalle prime domande sull'ereditarietá all'inegegneria genetica
675 ## - Classificação Decimal Universal (CDU)
Notação 087.5
Edição BN
Língua da edição por
Notação 575
Edição BN
Língua da edição por
702 #1 - Nome de autor-pessoa física (responsabilidade secundária)
Número de registo de entrada de autoridade 0001830
Palavra de ordem Rocha
Outra parte do nome não tomada para palavra de ordem António Maia da
Código de função Tradutor
700 #1 - Nome de autor-pessoa física (responsabilidade principal)
Número de registo de entrada de autoridade 0001829
Palavra de ordem Frontali
Outra parte do nome não tomada para palavra de ordem Clara
966 ## - Identificação da Biblioteca
Sigla NUMETECA
942 ## - Elementos de entrada adicionados (Koha)
Tipo de item no Koha Livro
Exemplares
Situação do levantamento Origin of item (home branch) (coded) Biblioteca de empréstimo Código de barras Cota Circulation type (not for loan) Tipo de documento Nota do exemplar Damaged status
  Biblioteca Escolar Eng. Nuno Mergulhão Biblioteca Escolar Eng. Nuno Mergulhão BENM3172 | 2008 575 FRO   Livro Sem mensagem